Регионална библиотека "Любен Каравелов" - Русе

Мистерии от Замъка на страха (Запис номер 328483)

MARC детайли
000 -Лидер
Контролно поле с фиксирана дължина 01646nam a2200445 c 4500
003 - Код на организацията, давaща контролен номер
Контролно поле BLK
005 - Дата и час на последна редакция
Контролно поле 20250103131632.0
008 - Елементи от данни с фиксирана дължина
fixed length control field 180411b bul|||||r ||||||| ||bul||
010 ## - Наследен системен номер
LC control number KNG00206099000
020 ## - Международен стандартен номер на книга ISBN
Международен стандартен номер на книга ISBN 9786191993895
040 ## - Източник на каталожния запис
Идентификатор на билиотеката - собственик на записа BLK
041 ## - Код за език
Код за езика на текст/звукозапис или на отделно заглавие Български
Код за езика КДБФ Български
072 #7 - Код за тематичната категория
Код организация bullib
Код за тематична категория Н85
Текст Детска художествена литература Н
080 ## - УДК
Текстов определител УДК Италианска литература
УДК код - определител по УДК 821.131.1
УДК определител -93-32
УДК - код + определител 821.131.1-93-32
100 1# - Редна дума - Автор
Автор Феста, Джузепе
Авторска отговорност първи автор
R(LIN) 133767
139 ## - Редно поле
Редна дума Феста, Джузепе
Авторски знак Фес - Ф 41
245 10 - Сведения за заглавието
Заглавие Мистерии от Замъка на страха
Редно поле (дума) Джузепе Феста; прев. от итал. Евдокия Златарова; ил. Едуин Ремрев
Подзаглавни данни С широко отворени очи
257 ## - Страна на издаване
Страна на създаване/издаване Италия
260 ## - Област на издателските данни
Име на издателя, разпространителя и проч. Фют
Година на издаване 2018
Място на издаване, разпространение и проч. София
300 ## - Физическа характеристика
Страници 80 с.
Размери/Мащаб 20 см
Илюстрации и др. с ил
380 ## - Жанр
Жанр Детска худож. лит.
500 ## - Общи забележки
Забележка Ориг. загл. Il gastello della paura / Guiseppe Festa.
653 ## - Ключова дума – ненормативна
Ключова дума повести
653 ## - Ключова дума – ненормативна
Ключова дума литература за деца
653 ## - Ключова дума – ненормативна
Ключова дума детска литература
659 ## - Тематичен бюлетин
Тематичен бюлетин Н
700 ## - Други автори (авторска отговорност)
Лично име Златарова, Евдокия Светозарова
Дати, свързани с автора 1969 -
9 (RLIN) 248093
700 ## - Други автори (авторска отговорност)
9 (RLIN) 599
Лично име Ремрев, Едуин
Автороска отговорност (Описва отношението между автора и произведението) ил.
852 ## - Местоположение
Форматна сигнатура Цб 294382
856 4# - Електронен адрес и достъп
Електронен формат pdf - файл
856 4# - Електронен адрес и достъп
Електронен формат pdf - файл
999 ## - СИСТЕМНИ КОНТРОЛНИ НОМЕРА
Koha biblionumber 328483
Koha biblioitemnumber 328483
942 ## - АРТИКУЛИ
Вид на библиотечния материал Книги
Скрит в OPAC Не
Koha issues (borrowed), all copies 18
944 ## - СЪЗДАВАНЕ И РЕДАКЦИЯ на ЗАПИСА
Създаване/Редакция Създаване
Дата на регистрацията/редакция 12.05.2017
Статус, дата на статуса Бояна Костадинова
Служител, извършил регистрацията/редакцията 30551
944 ## - СЪЗДАВАНЕ И РЕДАКЦИЯ на ЗАПИСА
Създаване/Редакция Редакция
Дата на регистрацията/редакция 21.11.2017
Статус, дата на статуса ф /
Служител, извършил регистрацията/редакцията Пенка_Димитрова
999 ## - СИСТЕМНИ КОНТРОЛНИ НОМЕРА
Koha biblioitemnumber 328483
999 ## - СИСТЕМНИ КОНТРОЛНИ НОМЕРА
Koha biblioitemnumber 328483
999 ## - СИСТЕМНИ КОНТРОЛНИ НОМЕРА
Koha biblioitemnumber 328483
999 ## - СИСТЕМНИ КОНТРОЛНИ НОМЕРА
Koha biblioitemnumber 328483
999 ## - СИСТЕМНИ КОНТРОЛНИ НОМЕРА
Koha biblioitemnumber 196826
Наличности
Код за отписване Код за изгубен артикул Източник на класификационната схема Код за повреда Код за отдаване Артикулен № Име на библиотеката - собственик Име на библиотеката, в която се намира в момента Статус (Текущо местоположение) Дата на вписване в системата Местоположение - отдел Цена в лева Систематично азбучна сигнатура Баркод Цена в евро Служебен тип на артикула Коз за рестрикции
  Не е изгубен Universal Decimal Classification Не е повреден заемане за дома 688616 Регионална библиотека "Любен Каравелов" Русе Регионална библиотека "Любен Каравелов" Русе Детски отдел 2019-01-31 Детски отдел 7.99 ДХ 820/899/Ф 41 120000829446 4.09 Книги  
  Не е изгубен Universal Decimal Classification Не е повреден заемане за дома 688617 Регионална библиотека "Любен Каравелов" Русе Регионална библиотека "Любен Каравелов" Русе Детски отдел 2019-01-31 Детски отдел 7.99 ДХ 820/899/Ф 41 120000829447 4.09 Книги  
  Не е изгубен Universal Decimal Classification Не е повреден ползва се в читалня 699774 Регионална библиотека "Любен Каравелов" Русе Регионална библиотека "Любен Каравелов" Русе Хранилище 2019-04-10 Хранилище 7.99 Цб 294382 120000831222 4.09 Книги без рестрикции
Vip Innovations Ltd, Rousse, Bulgaria 2025